Distribution par images - C'est pas parce qu'on a rien à dire qu'il faut fermer sa gueule... - Statistiques

Statistiques générales
  • Ce quiz a été pris 36 fois
  • Le résultat moyen est 5 sur 9
Statistiques - réponses
Par images Hint Réponse % Correct
Gaston Gérard Jugnot
91%
Phano Bernard Blier
88%
Riton Jean Lefebvre
82%
Max Michel Serrault
82%
CRS homosexuel Christian Clavier
76%
Flic Popeck
52%
Rose Tsilla Chelton
27%
Lulu Marion Game
18%
Policier Max Amyl
12%
Aucun quiz correspondant
Distribution des résultats
% des personnes avec chaque résultat
Percentile par nombre de réponses
Votre historique - résultats
Vous n’avez pas pris ce quiz